| 000 | 01648nam a2200481 i 4500 | ||
|---|---|---|---|
| 001 | 38126 | ||
| 003 | KOSZ 005 | ||
| 005 | 20200526114200.0 | ||
| 008 | 001010s2000 pl f f |000 0 pol d | ||
| 040 |
_cKOSZ 005 _aKOSZ 005 _dKOSZ 005/HR |
||
| 041 | 1 |
_apol _heng |
|
| 046 | _k2000 | ||
| 080 | _a004.42 | ||
| 080 | _a004.4'27 | ||
| 080 | _a(07) | ||
| 100 | 1 |
_aPeterson, Michael T. _eAutor |
|
| 245 | 1 | 0 |
_a3D Studio MAX 3 : _bdla każdego / _cMichael Todd Peterson ; [tł. z ang. Marek Binkowski, Wojciech Pazdur, Patrycja Domagała]. |
| 246 |
_iTyt. oryg.: _a3D Studio MAX 3 Fundamentals |
||
| 260 |
_aGliwice : _bHelion, _c2000. |
||
| 300 |
_a559 s. : _bil. ; _c24 cm + _eCD ROM. |
||
| 336 |
_2rdacontent _aTekst _btxt |
||
| 337 |
_2rdamedia _aBez urządzenia pośredniczącego _bn |
||
| 337 |
_2rdamedia _3c _aKomputer |
||
| 338 |
_2rdacarrier _aWolumin _bnc |
||
| 338 |
_2rdamedia _aDysk komputerowy _bcd |
||
| 380 | _aKsiążki | ||
| 380 | _aPublikacje fachowe | ||
| 388 | _a1901-2000 | ||
| 388 | _a1989-2000 | ||
| 500 | _aOryg.: "3D Studio MAX 3 Fundamentals". | ||
| 504 | _aIndeks. | ||
| 650 | 4 | _a3D Studio | |
| 658 | _aInformatyka i technologie informacyjne | ||
| 650 | 4 | _aProgramy graficzne | |
| 655 | _aPodręcznik | ||
| 650 | 4 | _aGrafika trójwymiarowa | |
| 700 | 1 |
_aBinkowski, Marek _eTłumaczenie |
|
| 700 | 1 |
_aPazdur, Wojciech. _eTłumaczenie |
|
| 700 | 1 |
_aDomagała, Patrycja. _eTłumaczenie |
|
| 710 | 2 | _aHelion | |
| 856 |
_uhttp://koha.tu.koszalin.pl/cgi-bin/koha/opac-detail.pl?biblionumber=38126 _yKatalog online BPK |
||
| 942 |
_cKS _2UKD |
||
| 999 |
_c38126 _d38126 |
||